| 000 | 01684cam a22004574i 4500 | ||
|---|---|---|---|
| 003 | PE-LiUPU | ||
| 005 | 20250731184513.0 | ||
| 008 | 150617s r 000 0 d | ||
| 035 | _a(Sirsi) a16566 | ||
| 040 |
_aPE-LiUPU _bspa _cPE-LiUPU _erda |
||
| 049 | _aPRUA | ||
| 082 | 0 | 4 |
_a930 _bSe4 _221 |
| 100 | 1 |
_aSeignobos, Charles, _eautor. |
|
| 245 | 1 | 0 |
_aHistoria universal; historia moderna hasta 1715 . _n4. |
| 264 | 1 |
_aBuenos Aires : _bJuan C. Granda, _c1967. |
|
| 300 |
_a353 páginas ; _c24 cm |
||
| 336 |
_atext _2rdacontent |
||
| 337 |
_aunmediated _2rdamedia |
||
| 338 |
_avolume _2rdacarrier |
||
| 505 | 0 | _aLos descubrimientos marítimos y los establecimientos coloniales -- El renacimiento -- Ingleterra en el tiempo de Isabel -- Las provincias unidas en el siglo XVII -- Europa oriental en el siglo XVII -- Movimiento intelectual en Europa en el siglo XVII -- Las ciencias -- Las letras -- Las artes. | |
| 526 | _aP136 | ||
| 526 | _aP135 | ||
| 526 | _aP134 | ||
| 526 | _aP133 | ||
| 526 | _aP144 | ||
| 526 | _aP143 | ||
| 526 | _aP87 | ||
| 526 | _aP35 | ||
| 526 | _aP20 | ||
| 526 | _aP14 | ||
| 526 | _aP10 | ||
| 526 | _aP06 | ||
| 650 | 0 | 4 |
_aHISTORIA UNIVERSAL _yERA MODERNA, 1715. |
| 910 |
_ajck _bjvq _cjck _d20150616 |
||
| 942 |
_2ddc _cBOOK |
||
| 949 |
_a930 Se4 4 _wDEWEY _c1 _i09412 _lCCODEBUL1 _mBUL _p _r0 _sY _tBOOK _u2015-04-21 _xEDUCACION _zUNKNOWN _0COMPRA _o.STAFF. Colección General |
||
| 994 |
_aC0 _bPEPRU |
||
| 596 | _a1 | ||
| 999 |
_a930 SE4 4 _wDEWEY _c14432 _i09412 _f2021-11-8 _g5 _lCCODEBUL1 _mBUL _r0 _sY _tBOOK _u2015-4-21 _xBIBLIOTECA _zUNKNOWN _0COMPRA _o.STAFF. Colección General _d14432 |
||
| 980 |
_81 _gALBERTO SANCHEZ Responsable de Automatización |
||